=LDR 00000nam 2200000 4500 =001 INLIS000000000013944 =005 20130612105245 =008 ***********************************Ind** =035 ##$$0010-061300000013944 =041 ##$$a Ind =082 ##$$a 813.01 =090 ##$$a 813.01, Dip a =100 ##$$a Diponegoro, Muhammad =245 ##$$a Abah bilang tuhan tidak ada, Muhammad Diponegoro =260 ##$$a 2003 $b Yogyakarta =300 ##$$a 190 hlm, 20 cm =650 ##$$a Kumpulan cerita pendek =850 ##$$a NBPNMAT